Переписка временного Харьковского генерал-губернатора с министром внутренних дел по делу о столкновении полицейских чинов с толп...

RUSMARC
00004804nac2a22003253x 450
00171183c45-4ac0-457e-84ee-2322b728a8ba
00520240819144626.0
100##$a20240716l18791879k y0rusy50 ca
1010#$arus
102##$aRU
105##$ay z |||e|
1222#$ad18791115
$ad18791129
2001#$aПереписка временного Харьковского генерал-губернатора с министром внутренних дел по делу о столкновении полицейских чинов с толпою в г. Полтаве. (Копия)
$j15-29.11.1879
215##$a6 листов
$d39,8 х 25,3
251##$cДело
300##$aРукописный текст
324##$aКопия
325##$aЗамикрофильмировано
330##$aВходит в раздел описи: Материалы по Харьковскому генерал-губернаторству Лорис-Меликова М. Т.
461#0$1001cda3d175-ae4a-411a-8dea-9cc20fb178f6
$12001
$aЛорис-Меликов Михаил Тариелович, граф, министр внутренних дел, главный начальник "верховной распорядительной комиссии по охранению государственного порядка и общественного спокойствия", генерал от кавалерии
$1251
$cФонд
$1852
$j569
462#0$1001163e060a-d7cc-404d-90ee-e28c9801971b
$12001
$aОпись дел фонда М. Т. Лорис-Меликова за 1858-1915 гг.
$vД. 20
$1251
$cОпись
$1852
$j1
60102$aХарьковский генерал-губернатор
605##$3DITM\AF\0000002775
$aВласть
$lколлекция
$2acquisition_prlib
607##$aПолтава, город
6101#$aПереписка
$aМинистр внутренних дел
$aПолицейские чины
686##$a63.3(2)535-332ю1
$cИстория
$2rubbk
686##$a67.400.6ю1
$cПраво
$2rubbk
801#0$aRU
$bGA_RF
801#1$aRU
$bГлавНИВЦ
$c20240716
$2rusmarc
801#2$aRU
$bПБ им. Б.Н. Ельцина
$c20240819
$gRCR
$2rusmarc
852##$aГА РФ
$j20
937##$d193616919
$hГАРФ
035##$aRuPRLIB51076371
856##$uhttp://readingroom.main.prlib.ru/item.aspx?id_node=n193616919&mode=full
Формат отображения